Bangla Academy Bengali English Dictionary (Record no. 927)
[ view plain ]
| 000 -LEADER | |
|---|---|
| fixed length control field | 00756nam a22002537a 4500 |
| 003 - CONTROL NUMBER IDENTIFIER | |
| control field | BUBTL |
| 008 - FIXED-LENGTH DATA ELEMENTS--GENERAL INFORMATION | |
| fixed length control field | 140126b xxu||||| |||| 00| 0 eng d |
| 020 ## - INTERNATIONAL STANDARD BOOK NUMBER | |
| International Standard Book Number | 984-07-9457-9 |
| 024 ## - OTHER STANDARD IDENTIFIER | |
| Terms of availability | Available |
| 037 ## - SOURCE OF ACQUISITION | |
| Terms of availability | Available |
| 040 ## - CATALOGING SOURCE | |
| Original cataloging agency | BUBT Library |
| Modifying agency | BUBT Library |
| 082 ## - DEWEY DECIMAL CLASSIFICATION NUMBER | |
| Edition number | 20 |
| Classification number | 491.44321 ALB |
| 100 ## - MAIN ENTRY--PERSONAL NAME | |
| Personal name | Moniruzzaman, Mohammad |
| 9 (RLIN) | 921 |
| 245 ## - TITLE STATEMENT | |
| Title | Bangla Academy Bengali English Dictionary |
| Statement of responsibility, etc. | Bangla Academy |
| 260 ## - PUBLICATION, DISTRIBUTION, ETC. (IMPRINT) | |
| Place of publication, distribution, etc. | Dhaka |
| Name of publisher, distributor, etc. | Bangla Academy |
| Date of publication, distribution, etc. | 1994 |
| 300 ## - PHYSICAL DESCRIPTION | |
| Extent | [14], 878p. |
| Other physical details | hard |
| Size of unit | 23 cm. |
| 610 #0 - SUBJECT ADDED ENTRY--CORPORATE NAME | |
| 9 (RLIN) | 922 |
| Corporate name or jurisdiction name as entry element | Bangla Academy |
| 650 #0 - SUBJECT ADDED ENTRY--TOPICAL TERM | |
| 9 (RLIN) | 923 |
| Topical term or geographic name as entry element | Bengali - English |
| 856 ## - ELECTRONIC LOCATION AND ACCESS | |
| Password | 0 |
| Logon | 0 |
| Link text | Download |
| 270 ## - ADDRESS | |
| Address | Bnagla Academy |
| City | Dhaka |
| Country | Bnagladesh |
| 365 ## - TRADE PRICE | |
| Price amount | 230.00 |
| Unit of pricing | 230.00 |
| 942 ## - ADDED ENTRY ELEMENTS (KOHA) | |
| Source of classification or shelving scheme | |
| Koha item type | Books |
No items available.
